Lanean...
Homage to Catalonia
| Egile nagusia: | |
|---|---|
| Formatua: | Printed Book |
| Hizkuntza: | English |
| Argitaratua: |
London :
penguin books ,
c1975.
|
| LEADER | 00420nam a22001217a 4500 | ||
|---|---|---|---|
| 008 | 170510b xxu||||| |||| 00| 0 eng d | ||
| 100 | |a Orwell, George | ||
| 245 | |a Homage to Catalonia | ||
| 260 | |a London : |b penguin books , |c c1975. | ||
| 300 | |b 247p. | ||
| 942 | |c BK | ||
| 999 | |c 199462 |d 199462 | ||
| 952 | |0 0 |1 0 |4 0 |6 946_081000000000000_ORW_H |7 0 |9 220729 |a ENG |b ENG |c ST1 |d 2017-05-10 |i 10182 |l 0 |o 946.081 ORW/H |p ENG10182 |r 2017-05-10 |w 2017-05-10 |y BK | ||